[Event "TUR-chT2"]
[Site "Konya"]
[Date "2018.07.13"]
[Round "6.18"]
[White "Arslan, Hasan Bahadir"]
[Black "Sunman, Nezih"]
[Result "1-0"]
[WhiteElo "1315"]
[BlackElo "1309"]
[PlyCount "67"]
[EventDate "2018.07.10"]
[EventType "team-swiss"]
[EventRounds "9"]
[EventCountry "TUR"]
[SourceTitle "EXT 2019"]
[Source "ChessBase"]
[SourceDate "2018.10.10"]
[SourceVersion "1"]
[SourceVersionDate "2018.10.10"]
[SourceQuality "1"]
[WhiteTeam "Kanya Gambit"]
[BlackTeam "Duzce Siyah Beyaz"]
[WhiteTeamCountry "TUR"]
[BlackTeamCountry "TUR"]

1. d4 Nf6 2. Nf3 g6 3. Bf4 Bg7 4. e3 d5 5. Bd3 a6 6. c3 Nh5 7. Bg3 0-0 8. Nbd2 Nd7 9. Qc2 c5 10. dxc5 Nxc5 11. Nb3 Nxd3+ 12. Qxd3 Nxg3 13. hxg3 Bf5 14. Qd2 Rc8 15. Nbd4 Bxd4 16. exd4 Qd6 17. Qh6 Qe6+ 18. Kd2 g5 19. Qxg5+ Bg6 20. Rae1 Qf6 21. Qxf6 exf6 22. Re7 b6 23. Rhe1 Bf5 24. Rb7 Rb8 25. Ree7 Be6 26. Ne1 Rxb7 27. Rxb7 b5 28. Ra7 Bf5 29. Nd3 Rd8 30. Nc5 Rd6 31. Ra8+ Kg7 32. Rxa6 Rxa6 33. Nxa6 Kg6 34. a3 1-0

[Event "TUR-chT2"]
[Site "Konya"]
[Date "2018.07.11"]
[Round "2.29"]
[White "Sunman, Nezih"]
[Black "Pilat, Tuna"]
[Result "1-0"]
[WhiteElo "1309"]
[BlackElo "1154"]
[PlyCount "135"]
[EventDate "2018.07.10"]
[EventType "team-swiss"]
[EventRounds "9"]
[EventCountry "TUR"]
[SourceTitle "EXT 2019"]
[Source "ChessBase"]
[SourceDate "2018.10.10"]
[SourceVersion "1"]
[SourceVersionDate "2018.10.10"]
[SourceQuality "1"]
[WhiteTeam "Duzce Siyah Beyaz"]
[BlackTeam "Mus Dernegi"]
[WhiteTeamCountry "TUR"]
[BlackTeamCountry "TUR"]

1. Nf3 c5 2. c4 e6 3. e3 Nc6 4. Nc3 d5 5. d4 cxd4 6. Nxd4 Nf6 7. a3 Be7 8. b4 a6 9. Bb2 0-0 10. Be2 e5 11. Nxc6 bxc6 12. cxd5 cxd5 13. Na4 e4 14. Bd4 a5 15. Bb6 Qd6 16. Bxa5 Bd7 17. Nb6 Rab8 18. Nxd7 Nxd7 19. 0-0 Ne5 20. Qd2 Nc6 21. Rfd1 Nxa5 22. bxa5 Rfd8 23. f3 Bf6 24. Ra2 d4 25. exd4 Bxd4+ 26. Kh1 e3 27. Qd3 Be5 28. Qxd6 Rxd6 29. Rxd6 Bxd6 30. g3 Rb1+ 31. Kg2 Rb3 32. a6 Bb8 33. a4 g5 34. a5 h5 35. Rc2 Kg7 36. h4 gxh4 37. gxh4 Rb4 38. Bc4 e2 39. Bxe2 Rxh4 40. Kf2 Rh2+ 41. Ke3 Ba7+ 42. Kd2 Rh1 43. Rc7 Bf2 44. a7 Be1+ 45. Kd3 Bxa5 46. Rxf7+ Kxf7 47. a8Q Ra1 48. Qd5+ Kg6 49. Qe6+ Kh7 50. Qe7+ Kh6 51. Qf6+ Kh7 52. Qxa1 Bd8 53. Qa8 Bg5 54. Qe4+ Kh6 55. f4 Bd8 56. Qe6+ Kg7 57. Qd7+ Kf6 58. Qxd8+ Kf5 59. Qg5+ Ke6 60. Ke4 h4 61. Qxh4 Kd6 62. Qg5 Kc6 63. Qd5+ Kc7 64. Qe6 Kd8 65. Qf7 Kc8 66. Kd5 Kb8 67. Kc6 Ka8 68. Qb7# 1-0

[Event "TUR-chT2"]
[Site "Konya"]
[Date "2018.07.11"]
[Round "3.18"]
[White "Yildirim, Hasan"]
[Black "Sunman, Nezih"]
[Result "1-0"]
[WhiteElo "1263"]
[BlackElo "1309"]
[PlyCount "39"]
[EventDate "2018.07.10"]
[EventType "team-swiss"]
[EventRounds "9"]
[EventCountry "TUR"]
[SourceTitle "EXT 2019"]
[Source "ChessBase"]
[SourceDate "2018.10.10"]
[SourceVersion "1"]
[SourceVersionDate "2018.10.10"]
[SourceQuality "1"]
[WhiteTeam "Sakarya Buyuksehir"]
[BlackTeam "Duzce Siyah Beyaz"]
[WhiteTeamCountry "TUR"]
[BlackTeamCountry "TUR"]

1. d4 Nf6 2. c4 g6 3. Nc3 d5 4. cxd5 Nxd5 5. e4 Nxc3 6. bxc3 Bg7 7. Nf3 c5 8. Be3 Bg4 9. Bc4 0-0 10. 0-0 Bxf3 11. gxf3 cxd4 12. cxd4 Nc6 13. e5 Na5 14. Be2 Qd5 15. Qa4 Rfd8 16. Rfd1 f6 17. Bd2 Nc6 18. Bc4 b5 19. Qxb5 Qxc4 20. Qxc4+ 1-0